000 01182nam a2200301 i 4500
003 EG-GICUC
005 20260121101530.0
008 251221b1967 ua ||||fr|||| 00| 0 ara d
040 _a EG-GICUC
_bara
_c EG-GICUC
_d EG-GICUC
_erda
041 0 _aara
082 0 4 _221
_a345.4
_bم ح . س
092 0 4 _221
099 _aLaw1 07 345.4 م ح . س 1967
100 0 _aمحمد فؤاد مهنا
_eمؤلف.
245 1 0 _aسياسة الوظائف العامة وتطبيقاتها :
_bفي ضوء مبادئ علم التنظيم /
_cدكتور محمد فؤاد مهنا.
264 1 _aالقاهرة :
_bدار المعارف،
_c1967.
300 _a914 ؛صفحة
_c24 سم.
336 _2rda content
_atext
337 _2rda media
_aComputer
338 _2rda carrier
_aOnline Resource
504 _aيشتمل على إرجاعات ببليوجرافية.
546 _aالنص أغلبه باللغة العربية مع بعض النصوص الفرنسية
650 1 4 _aالوظيفة العامة
650 1 4 _aالقانون الإداري
856 4 0 _uhttps://fll.law.cu.edu.eg/fulltext/bks/B07-01134.pdf
905 _a32
_eYara
942 _2ddc
_cBK
_e21
_n0
999 _c52066
_d52066